Statistics for Квиз о Сан Марину

Click here to take the quiz!

General Stats

  • This quiz has been taken 92 times
  • The average score is 6 of 14

Answer Stats

ОписОдговор% Correct
Главни градСан Марино
100%
Држава која у потпуности окружује Сан МариноИталија
94%
Државна валутаЕвро
83%
Држава која је на кратко окупирала Сан Марино 1944.Немачка
67%
Планински ланац у којем се ова држава налазиАпенини
65%
Бразилски возач Формуле 1 који је погинуо 1994. на Великој награди Сан Марина
(која се заправо не одржава у Сан Марину)
Аиртон Сена
46%
Сан Марино тврди да је _____ република на светуНајстарија
42%
Сан Марино је једина држава на свету у којој има више _______ него људиАутомобила
40%
Фудбалска репрезентација Сан Марина има статистику од једне победе, 8 нерешених и 181 пораза.
Против које репрезентације су остварили једину победу?
Лихтенштајн
35%
Сваких шест месеци, парламент бира два "Капетана Регента" да воде државу.
Која изборна титула у старом Риму је била слична "Капетану Регенту"?
Конзул
26%
Највиши врх, 739 метара надморске висинеМонте {Титано}
10%
На грбу се налазе три?Торња
10%
Највећи градДогана
6%
Сан Марино се састоји од 9 општина које се називају _______ (почиње на слово К)Кастели
2%

Score Distribution

Percentile by Number Answered

Percent of People with Each Score

Your Score History

You have not taken this quiz